Riconosci il personaggio del passato - Quiz per immagini - Statistics

Statistiche generali
  • Questo quiz è stato fatto 83 volte
  • Il punteggio medio è 5 su 15
Statistiche sulle risposte
con Immagini Hint Risposta % Corretto
(pittrice messicana) Frida Kahlo
77%
(stilista francese) Coco Chanel
73%
(scrittore irlandese) Oscar Wilde
63%
(architetto spagnolo) Antoni Gaudì
57%
(compositore italiano) Giacomo Puccini
52%
(chimico russo) Dmitrij Ivanovič Mendeleev
39%
(politico turco) Mustafa Kemal Atatürk
32%
(ingegnere tedesco) Carl Benz
23%
(poeta portoghese) Fernando Pessoa
19%
(pilota automobilistico argentino) Juan Manuel Fangio
17%
(politico ugandese) Idi Amin Dada
15%
(politico cinese) Deng Xiaoping
8%
(scrittore giapponese) Yukio Mishima
7%
(giornalista britannico) Christopher Hitchens
1%
(attrice statunitense) Lana Turner
0%
Nessun quiz corrispondente trovato
Distribuzione punteggi
Percentuale di utenti per punteggio
Percentile per numero di risposta
I tuoi punteggi nel tempo
Non hai fatto questo quiz